Rois et empereurs par image (difficile) - Statistiques

Statistiques générales
  • Ce quiz a été pris 160 fois
  • Le résultat moyen est 4 sur 12
Statistiques - réponses
Par images Réponse % Correct
Néfertiti
76%
Louis X le Hutin
66%
Louis XII
46%
Charles Ier d'Angleterre
37%
Constantin Ier Le Grand
25%
Charles VI de Hasbourg
24%
Joseph Ier Bonaparte
20%
Alexandre II de Russie
18%
Stanislas Ier de Pologne
18%
Wilhelmine des Pays-Bas
17%
Ferdinand VII d'Espagne
11%
Charles XII de Suéde
8%
Aucun quiz correspondant
Distribution des résultats
% des personnes avec chaque résultat
Percentile par nombre de réponses
Votre historique - résultats
Vous n’avez pas pris ce quiz